Vista normal
Vista MARC
- Organizaciones no lucrativas
Entrada Materia
Número de registros utilizados en: 3
001 - NÚMERO DE CONTROL
- campo de control: 80
003 - IDENTIFICADOR DEL NÚMERO DE CONTROL
- campo de control: ES-MaFIAP
005 - FECHA Y HORA DE LA ÚLTIMA TRANSACCIÓN
- campo de control: 20220908162136.0
008 - DATOS DE LONGITUD FIJA
- campo de control de longitud fija: 220908|| aca||aabn | a|a d
040 ## - FUENTE DE LA CATALOGACIÓN
- Centro catalogador/agencia de origen: ES-MaFIAP
- Centro/agencia transcriptor: ES-MaFIAP
150 ## - ENCABEZAMIENTO--TÉRMINO DE MATERIA
- Término de materia o nombre geográfico como elemento de entrada: Organizaciones no lucrativas
- Subdivisión general: Gestión
670 ## - FUENTE DE DATOS ENCONTRADOS
- Cita de la fuente: Work cat.: (ES-MaFIAP)20: Peláez Narváez, Ana XX4823207 63, Plan de Igualdad de Género para Entidades de la Discapacidad del Tercer Sector, 2011





